=LDR 00000nam 2200000 4500 =001 INLIS000000000030073 =005 20130612132242 =008 ***********************************Indonesia** =035 ##$$0010-061300000030073 =041 ##$$a Indonesia =082 ##$$a 340 =090 ##$$a 340, Soe, a =100 ##$$a Soebagio =245 ##$$a Aneka masalah hukum tata negara R.I, M.Soebagio =260 ##$$a 1976 $b Bandung =300 ##$$a 94 hlm., 21 cm =650 ##$$a Hukum Tata Negara =850 ##$$a NBPNMAT =990 ##$$a 0001/BPAP-NTB/20142015